Indycar Final Wins - Statistics

General Stats
  • This quiz has been taken 7 times
  • The average score is 16 of 30
Answer Stats
Race Team Answer % Correct
2012Indy 500 Ganassi #10 Dario Franchitti
100%
2014Texas Ed Carpenter #20 Ed Carpenter
100%
2020Iowa #1 Penske #22 Simon Pagenaud
100%
2011 Indy 500 Bryan Herta #98 Dan Wheldon
86%
2018Iowa Schmidt-Peterson#5 James Hinchcliffe
86%
2016St. Pete Penske #2 Jaun Pablo Montoya
86%
2012Sonoma Penske #2 Ryan Briscoe
86%
2018St. Pete Dale Coyne #18 Sébastien Bourdais
86%
2001Kansas Team Cheever #51 Eddie Cheever
71%
2012Texas Dale Coyne #18 Justin Wilson
71%
2018 Sonoma Andretti #28 Ryan Hunter-Reay
71%
2014Fontana Ganassi #10 Tony Kanaan
71%
2004Fontana Fernandez #5 Adrian Fernandez
57%
2005Michigan Andretti #7 Bryan Herta
57%
2007Texas Penske #6 Sam Hornish Jr.
57%
2001Kentucky Hemelgarn #91 Buddy Lazier
43%
2004Michigan Rahal #15 Buddy Rice
43%
2014Long Beach Ed Carpenter #20 Mike Conway
43%
2005Texas Panther #4 Tomas Scheckter
43%
2003 Texas #1 Kelly #31 Al Unser Jr
29%
1998Las Vegas Treadway #5 Arie Luyendyk
29%
1999Indy 500 Aj Foyt #14 Kenny Bräck
29%
2000Disney World Dreyer/Reinbold #24 Robbie Buhl
29%
2005 Kentucky Fernandez #8 Scott Sharp
29%
1998Louden Team Menard #1 Tony Stewart
29%
2003 Michigan Mo Nunn #21 Alex Barron
14%
2003Texas #2 Penske #6 Gil De Feran
14%
2001 Atlanta Team Menard #2 Greg Ray
0%
1998Texas 2 Byrd-Cunningham #10 John Paul Jr.
0%
2000 Texas 2 Panther #4 Scott Goodyear
0%
No matching quizzes found
Score Distribution
Percent of People with Each Score
Percentile by Number Answered
Your Score History
You have not taken this quiz